Handbook of environmental laws, acts, rules, guidelines, compliances and standards. 2 V (Record no. 41183)

MARC details
000 -LEADER
fixed length control field 00360nam a2200121Ia 4500
082 ## - DEWEY DECIMAL CLASSIFICATION NUMBER
Classification number 349.6(035)
Item number TRI
100 ## - MAIN ENTRY--AUTHOR NAME
Personal name Trivedy, R K
245 #0 - TITLE STATEMENT
Title Handbook of environmental laws, acts, rules, guidelines, compliances and standards. 2 V
260 ## - PUBLICATION, DISTRIBUTION, ETC. (IMPRINT)
Name of publisher Enviromedia
Year of publication 1996
650 ## - SUBJECT ADDED ENTRY--TOPICAL TERM
Topical Term Environmental act
942 ## - ADDED ENTRY ELEMENTS (KOHA)
Koha item type Books
Holdings
Withdrawn status Lost status Damaged status Not for loan Home library Current library Date acquired Full call number Accession Number Koha item type
        RRII Library RRII Library 16/12/2021 349.6(035) TRI 21474 Books